| 000 | 00520nam a22001697a 4500 | ||
|---|---|---|---|
| 999 |
_c7951 _d7951 |
||
| 005 | 20241024183245.0 | ||
| 008 | 241024b ||||| |||| 00| 0 eng d | ||
| 020 | _a9788441550629 | ||
| 040 |
_aCDMR _dCDMR |
||
| 100 | 1 |
_9237 _aSoriano, Tino |
|
| 245 |
_aAnatomía de una foto _b: consejos y anécdotas de los grandes maestros _c/ Tino Soriano |
||
| 260 |
_aMadrid : _bAnaya Multimedia, _c2024 |
||
| 300 | _a236 pàgines | ||
| 490 | _aPhoto Club | ||
| 650 | 0 |
_94439 _aFotografia _vManuals, guies, etc. |
|
| 942 |
_2udc _cMON |
||